Countries Visited by Bald and Bankrupt - Statistics

General Stats
  • This quiz has been taken 63 times
    20 since last reset
  • The average score is 29 of 39
Answers on the Map
Answers color-coded by a green-red scale on the quiz's map according to % correct below.
 
Answer Stats
Answer % Correct
United Kingdom
100%
Belarus
94%
Russia
94%
India
88%
Kazakhstan
88%
Poland
88%
Ukraine
88%
Armenia
82%
Estonia
82%
Japan
82%
Kyrgyzstan
82%
Lithuania
82%
Mexico
82%
Romania
82%
Uzbekistan
82%
Azerbaijan
76%
Brazil
76%
Colombia
76%
Georgia
76%
Moldova
76%
Mongolia
76%
Pakistan
76%
Peru
76%
Vietnam
76%
Afghanistan
71%
Bolivia
71%
Czech Republic
71%
Laos
71%
Venezuela
71%
Bangladesh
65%
Myanmar
65%
Syria
65%
Cuba
59%
Panama
59%
Slovakia
59%
Albania
53%
Lebanon
53%
Ethiopia
47%
Mauritania
35%
No matching quizzes found
Score Distribution
Percent of People with Each Score
Percentile by Number Answered
Your Score History
You have not taken this quiz since the last reset